000 00554nam a22002057a 4500
008 240606b mp ||||| |||| 00| 0 mon d
035 _a28632
040 _aBU0183120
_bkaz
_cMN-UlNLM
_dMN-UlNLM
_erda
041 _akaz
084 _2NNA
_a84(5Каз)
_bЕ 61
100 _aЕрболат Б.
245 0 _aУакыт шенберi
264 _aКөкшетау
_bМир
_c2020
300 _a192 х.
336 _2rdacontent
_atext
_btxt
337 _2rdamedia
_aunmediated
_bn
338 _2rdacarrier
_avolume
_bnc
490 _v0
942 _2NNA
_cBK
999 _c810754
_d810811